Statistics for Jurassic World Evolution

Click here to take the quiz!

General Stats

  • This quiz has been taken 146 times
  • The average score is 31 of 53

Answer Stats

Base Game% Correct
Tyrannosaurus
89%
Velociraptor
85%
Indoraptor
83%
Brachiosaurus
80%
Triceratops
79%
Allosaurus
77%
Indominus rex
76%
Stegosaurus
75%
Spinoraptor
73%
Carnotaurus
72%
Sinoceratops
72%
Ankylosaurus
69%
Gallimimus
69%
Spinosaurus
69%
Struthiomimus
69%
Baryonyx
68%
Stegoceratops
66%
Ankylodocus
63%
Apatosaurus
63%
Ceratosaurus
63%
Diplodocus
61%
Suchomimus
61%
Dilophosaurus
59%
Parasaurolophus
59%
Stygimoloch
59%
Troodon
59%
Camarasaurus
58%
Deinonychus
56%
Edmontosaurus
56%
Giganotosaurus
56%
Styracosaurus
56%
Corythosaurus
55%
Majungasaurus
55%
Mamenchisaurus
55%
Pachycephalosaurus
55%
Kentrosaurus
49%
Dracorex
48%
Pentaceratops
48%
Archaeornithomimus
46%
Torosaurus
46%
Chasmosaurus
45%
Olorotitan
44%
Polacanthus
44%
Metriacanthosaurus
42%
Gigantspinosaurus
41%
Sauropelta
41%
Tsintaosaurus
41%
Crichtonsaurus
38%
Huayangosaurus
38%
Nodosaurus
38%
Chungkingosaurus
35%
Maiasaura
32%
Muttaburrasaurus
27%

Score Distribution

Percentile by Number Answered

Percent of People with Each Score

Your Score History

You have not taken this quiz